Anatomía humana /

Bibliografski detalji
Glavni autor: Lockhart, R.D (autor)
Daljnji autori: Hamilton, G.F (autor), Fyfe, F. W. (autor), Folch y Pi, Alberto. 1905- (traductor)
Format: Knjiga
Jezik:Spanish
English
Izdano: México: Interamericana, 1965.
Izdanje:primera edición
Teme:

MARC

LEADER 00000cam a2200000 i 4500
003 Ucuenca
005 20230308181213.0
006 a||||fr|||| 001|||
007 ta
008 967120s1965 mx aaaafr|||| 001|||spa|a
040 |b spa  |a UCuenca-cdrjbv  |c UCuenca  |e rda 
041 1 |a spa  |h eng 
082 0 |a 611  |2 22  |c 201393 
100 1 |a Lockhart, R.D.  |e autor   |9 81601 
245 |a Anatomía humana /   |c R. D. Lockhart, G. F. Hamilton y F. W. Fyfe, traducido por Alberto Folch y Pi. 
250 |a primera edición 
264 1 |a México:  |b Interamericana,   |c 1965. 
300 |a xiv, 695 páginas:  |b ilu  |c 26 cm 
336 |2 rdacontent  |a texto  |b txt 
337 |2 rdamedia  |a no mediado  |b n 
338 |2 rdacarrier  |a volumen  |b nc 
650 1 7 |a Anatomía  |9 4548  |2 UCuenca-cdrjbv 
700 1 |a Hamilton, G.F.  |e autor  |9 81602 
700 |a Fyfe, F. W.  |9 81603  |e autor  
700 1 |a Folch y Pi, Alberto.  |d 1905-  |e traductor  |9 90187 
852 |a UC-SALUD  |f Canje  |l 1  |m General  |p 19671207  |q S/. 480  |t 12051  |b 0  |d CDRS  |e CDRS  |g 611 12051  |z 1967-71-20 
942 |c BK  |0 6  |2 ddc  |r daniel.carrión@ucuenca.edu.ec 
999 |c 55761  |d 55761